000 00577nam a2200181 a 4500
001 25352
003 CO-ViMGA
008 141112s2004 ck r 000 u spa d
020 _a9586531570
040 _aCO-ViMGA
_bspa
_cCO-ViMGA
082 0 4 _a346.044 P298
100 1 _aPatiño Posse, Miguel
_938652
245 1 0 _aDerecho Ambiental Colombiano :
_bIncluye Código de Recursos Naturales Renovables Ley 99 de 1993 y del Seguro Ambiental /
_cMiguel Patiño Posse
260 _aColombia :
_bLegis
300 _a339 p. 23 cm
650 1 4 _aDerecho Ambiental
_93414
942 _2ddc
_cBK
999 _c32959
_d32959